ბათუმის შოთა რუსთაველის სახელმწიფო უნივერსიტეტის ბიბლიოთეკა

Die Begegnung Europas mit Ägypten: (ბიბ.ჩანაწერი № 60578)

000 -LEADER
fixed length control field 00648nam a22001697a 4500
005 - DATE AND TIME OF LATEST TRANSACTION
control field 20230911170533.0
008 - FIXED-LENGTH DATA ELEMENTS--GENERAL INFORMATION
fixed length control field 230911s1968 gw ||||| |||| 00| 0 ger d
041 ## - LANGUAGE CODE
Language code of text/sound track or separate title ger
080 ## - UNIVERSAL DECIMAL CLASSIFICATION NUMBER
Universal Decimal Classification number 94 M-84
100 ## - MAIN ENTRY--PERSONAL NAME
Personal name Morenz, Siegfried
9 (RLIN) 19798
245 ## - TITLE STATEMENT
Title Die Begegnung Europas mit Ägypten:
Remainder of title Herodots Begegnung mit Ägypten /
Statement of responsibility, etc. Siegfried Morenz, Martin Kaiser.
264 ## - PRODUCTION, PUBLICATION, DISTRIBUTION, MANUFACTURE, AND COPYRIGHT NOTICE
Place of production, publication, distribution, manufacture Berlin,
Date of production, publication, distribution, manufacture, or copyright notice 1968.
300 ## - PHYSICAL DESCRIPTION
Extent 246 p. ;
Other physical details 22 cm.
653 ## - INDEX TERM--UNCONTROLLED
keyword ევროპასა და ეგვიპტეს შორის შეხვედრა
653 ## - INDEX TERM--UNCONTROLLED
keyword ჰეროდოტეს შეხვედრა ეგვიპტესთან
942 ## - ADDED ENTRY ELEMENTS (KOHA)
Source of classification or shelving scheme
Koha item type წიგნი
ეგზემპლარები
Withdrawn status Lost status Source of classification or shelving scheme Damaged status Not for loan Permanent Location Current Location Shelving location Date acquired Cost, normal purchase price Full call number Barcode Date last seen Copy number Uniform Resource Identifier Price effective from Koha item type Public note
          ბათუმის შოთა რუსთაველის სახელმწიფო უნივერსიტეტის მთავარი ბიბლიოთეკა ბათუმის შოთა რუსთაველის სახელმწიფო უნივერსიტეტის მთავარი ბიბლიოთეკა წიგნსაცავი 2023-09-11 6.00 94 M-84 65200 2023-09-11 65200 ბსუ-ს საპატიო დოქტორის გურამ ლორთქიფანიძის საჩუქარი 2023-09-11 წიგნი 6 ლ.